000
00315nam a22001337a 4500
008
180911b xxu||||| |||| 00| 0 eng d
020
_a
9780470647738
041
_a
eng
080
_a
616.8
100
_a
7
101
_a
TRU
245
_a
The Scientific American Healthy Aging Brain
_c
Horstman, J
942
_2
udc
_c
BK
999
_c
47687
_d
47687